Nomeie um País da Ásia A-Z - Statistics

Estatísticas Gerais
  • Esse quiz foi jogado 453 vezes
  • A pontuação média é 17 de 19
Estatísticas das Respostas
Letra País % Correto
A Afeganistão / Armênia / Arábia Saudita / Azerbaijão
99%
C Camboja / Catar / Cazaquistão / China / Chipre / Coreia do Norte / Coreia do Sul
99%
J Japão / Jordânia
98%
I Índia / Indonésia / Iraque / Irão / Israel / Iémen
97%
T Tailândia / Taiwan / Tajiquistão / Timor Leste / Turquemenistão / Turquia
96%
B Bahrein / Bangladesh / Birmânia / Brunei / Butão
95%
M Maldivas / Malásia / Mongólia
95%
O Omã
95%
L Laos / Líbano
93%
P Paquistão
92%
S Singapura / Sri Lanka / Síria
91%
U Uzbequistão
90%
Q Quirguistão
88%
N Nepal
87%
V Vietname
87%
K Kuweit
85%
F Filipinas
82%
E Emirados Árabes Unidos
80%
G Geórgia
75%
Nenhum quiz correspondente encontrado
Distribuição das Pontuações
Porcentagem de Pessoas com Cada Pontuação
Percentil de Números Respondidos
Sua Pontuação Histórica
Você não jogou esse quiz